United Kingdom minerals yearbook 2000 (Record no. 100800)
[ view plain ]
| 000 -LEADER | |
|---|---|
| fixed length control field | 00784cam a2200277 4500 |
| 008 - FIXED-LENGTH DATA ELEMENTS--GENERAL INFORMATION | |
| fixed length control field | 000000n2001 000 0 eng u |
| 020 ## - INTERNATIONAL STANDARD BOOK NUMBER | |
| International Standard Book Number | 0852723857 |
| 035 ## - SYSTEM CONTROL NUMBER | |
| System control number | (Sirsi) u108483 |
| 041 ## - LANGUAGE CODE | |
| Language code of text/sound track or separate title | eng |
| 050 ## - LIBRARY OF CONGRESS CALL NUMBER | |
| Classification number | 338.20212 |
| 110 ## - MAIN ENTRY--CORPORATE NAME | |
| Corporate name or jurisdiction name as entry element | British Geological Survey |
| 9 (RLIN) | 1581 |
| 245 ## - TITLE STATEMENT | |
| Title | United Kingdom minerals yearbook 2000 |
| 260 ## - PUBLICATION, DISTRIBUTION, ETC. | |
| Place of publication, distribution, etc. | Keyworth, Nottingham |
| Name of publisher, distributor, etc. | British Geological Survey |
| Date of publication, distribution, etc. | 2001 |
| 300 ## - PHYSICAL DESCRIPTION | |
| Extent | vi [ca.100p]. ; 30cm. |
| 350 ## - PRICE (NR) (BK AM CF MU VM SE) [OBSOLETE] | |
| Price | 35.00 |
| 650 ## - SUBJECT ADDED ENTRY--TOPICAL TERM | |
| Topical term or geographic name entry element | MINERALS STATISTICS |
| 650 ## - SUBJECT ADDED ENTRY--TOPICAL TERM | |
| Topical term or geographic name entry element | CONSTRUCTION MINERALS |
| 650 ## - SUBJECT ADDED ENTRY--TOPICAL TERM | |
| Topical term or geographic name entry element | AGGREGATES |
| 650 ## - SUBJECT ADDED ENTRY--TOPICAL TERM | |
| Topical term or geographic name entry element | STATISTICS |
| 690 ## - LOCAL SUBJECT ADDED ENTRY--TOPICAL TERM (OCLC, RLIN) | |
| Topical term or geographic name as entry element | MINING AND MINERALS |
| 700 ## - ADDED ENTRY--PERSONAL NAME | |
| Personal name | Chapman, G. R. |
| International Standard Serial Number | editor |
| 700 ## - ADDED ENTRY--PERSONAL NAME | |
| Personal name | Colman, T. B. |
| International Standard Serial Number | editor |
| 700 ## - ADDED ENTRY--PERSONAL NAME | |
| Personal name | Gatliff, R. W. |
| International Standard Serial Number | editor |
| 700 ## - ADDED ENTRY--PERSONAL NAME | |
| Personal name | Highley, D. E. |
| International Standard Serial Number | editor |
| 942 ## - ADDED ENTRY ELEMENTS (KOHA) | |
| Suppress in OPAC | 0 |
| Withdrawn status | Lost status | Source of classification or shelving scheme | Damaged status | Not for loan | Home library | Current library | Shelving location | Date acquired | Cost, normal purchase price | Total Checkouts | Full call number | Barcode | Date last seen | Copy number | Cost, replacement price | Price effective from | Koha item type |
|---|---|---|---|---|---|---|---|---|---|---|---|---|---|---|---|---|---|
| Dewey Decimal Classification | London | London | Statistics | 09/05/2001 | 35.00 | STATISTICS | 30064357 | 06/08/2019 | 2 | 35.00 | 06/08/2019 | Reference material |